Los pobres y la liberación en Puebla /

Gardado en:
Detalles Bibliográficos
Autor Principal: Gutiérrez, Gustavo (autor)
Formato: Libro
Idioma:Lingua castelá
Publicado: Bogotá, Colombia : Indo-American, 1979, c1979
Series:(Iglesia Nueva ; 41)
Temas:
Etiquetas: Engadir etiqueta
Sen Etiquetas, Sexa o primeiro en etiquetar este rexistro!

MARC

LEADER 00000nam^a2200000^a^4500
001 000380190
005 20250521000000.0
009 20260526142727.738
037 |a Acervo Xavier Clavigero 
041 |a ESP 
082 |a 261.  |b GUT 
100 |a Gutiérrez, Gustavo  |e (autor) 
245 1 4 |a Los pobres y la liberación en Puebla /  |c G. Gutiérrez. 
264 4 |a Bogotá, Colombia :  |b Indo-American,  |c 1979, c1979 
300 |a 64 p. 
336 |a texto  |b txt  |2 rdacontenido 
337 |a sin mediación  |b n  |2 rdamedio 
338 |a volumen  |b nc  |2 rdasoporte 
440 1 |a (Iglesia Nueva ;  |v 41) 
561 |a Ex libris de José Morales Orozco 
561 |a Ex libris de Instituto de Literatura Puente Grande, Jal. 
561 |a Ex libris de Biblioteca Juniorado San José 
610 |a Comunidades Eclesiales de Base 
649 |a XX 
650 |a Obispos -  |z Latinoamérica -  |x Congresos 
650 |a Iglesia Católica en Latinoamérica 
650 |a Opción Preferencial por los Pobres -  |x Tema Principal 
650 |a Pobreza -  |z Latinoamérica 
650 |a Igualdad y Desigualdad -  |z Latinoamérica 
650 |a Justicia e Injusticia -  |z Latinoamérica 
650 |a Evangelización 
650 |a Cristología 
650 |a Antropología 
650 |a Eclesiología 
650 |a Teología de la Liberación -  |x Tema Principal 
650 |a Teología Social 
650 |a Catolicismo 
650 |a Cristianismo y Economía 
650 |a Cristianismo y Sociedad 
650 |a Religión y Economía 
910 |a Fondo General 
920 |a Impresos - Libros 
930 |a Colección General 
905 |a 101 
901 |a 032457  |b IT1  |c ACC  |u 20250521 
902 |a https://opac.biblio.iteso.mx/vufind/Record/000380190